000 00370nam a2200145Ia 4500
008 230917s9999||||xx |||||||||||||| ||und||
040 _e139052
_aMAIN
041 _aEnglish
082 _a005.1 J157O
100 _aJacobson, Ivar
245 0 _aObject oriented software engineering
260 _aSouth Asia
_bPearson Education
_c2006
300 _a552p p.
942 _cBK
999 _c136620
_d136620